[Event "SRI-chB"]
[Site "Colombo"]
[Date "2016.03.12"]
[Round "1"]
[White "Kondagoda, PMB"]
[Black "Priyankara, Chamil Y"]
[Result "0-1"]
[WhiteElo "1712"]
[BlackElo "2016"]
[PlyCount "21"]
[EventDate "2016.03.12"]
[EventType "swiss"]
[EventRounds "10"]
[EventCountry "SRI"]
[SourceTitle "CBM 171 Extra"]
[Source "ChessBase"]
[SourceDate "2016.04.26"]
[SourceVersion "1"]
[SourceVersionDate "2016.04.26"]
[SourceQuality "1"]

1. Nf3 Nf6 2. d4 g6 3. Bf4 Bg7 4. c3 0-0 5. Nbd2 d6 6. e4 c5 7. Be2 Nbd7 8. 0-0 b6 9. Re1 cxd4 10. cxd4 Bb7 11. Bd3 0-1